| 000 | 01212nam a22001937a 4500 | ||
|---|---|---|---|
| 005 | 20120702110235.0 | ||
| 020 |
_a9789380172385 _c280.00 |
||
| 100 |
_aकंसल, देवेन्द्र कुमार _949738 |
||
| 245 |
_aशारीरिक शिक्षा में प्रायोगिक मापन, मूल्यांकन तथा खेल चयन/ _cदेवेन्द्र कुमार कंसल; मनीष मोहन गोरे द्वारा अनुवादित |
||
| 260 |
_aदिल्ली _bहिंदी माध्यम कार्यान्वय निदेशशालय _c2011 |
||
| 270 |
_aदिल्ली विश्वविद्यालय, 10 केवेलरी लाइन _bदिल्ली _e110007 _k27442652 |
||
| 300 |
_axxv, 413 पृ. _c24 सें.मी.(अजिल्द) |
||
| 700 |
_aगोरे, मनीष मोहन _949728 |
||
| 700 | _949729 | ||
| 700 |
_aउस्मानी, मीना _949730 |
||
| 942 |
_2ddc _cHN _mकंसल |
||
| 999 |
_c68280 _d68280 |
||